000 00554nam a2200217Ia 4500
003 OSt
005 20220926045512.0
006 a|||||r|||| 00| 0
007 ta
008 220923b |||||||| |||| 00| 0 eng d
037 _cGeneral Book
040 _aRTL
_cRTL
_beng
041 _2eng
_aeng
082 _aX72:(Z).2.N7, M7
100 _aSinghania Vinod K
245 0 _aDirect taxes law & practice
260 _c1987
300 _a584p
_ccm.
942 _hX72:(Z).2.N7, M7
_cGB
_2CC
999 _c677726
_d677726